Creative music composition : the young composer's voice (Record no. 1363)
| 000 -LEADER | |
|---|---|
| fixed length control field | 00837nam a22001937a 4500 |
| 003 - CONTROL NUMBER IDENTIFIER | |
| control field | OSt |
| 005 - DATE AND TIME OF LATEST TRANSACTION | |
| control field | 20140902141133.0 |
| 008 - FIXED-LENGTH DATA ELEMENTS--GENERAL INFORMATION | |
| fixed length control field | 140902b xxu||||| |||| 00| 0 eng d |
| 020 ## - INTERNATIONAL STANDARD BOOK NUMBER | |
| International Standard Book Number | 0415974666 |
| 050 ## - LIBRARY OF CONGRESS CALL NUMBER | |
| Classification number | MT40 .W56 2006 |
| 100 ## - MAIN ENTRY--PERSONAL NAME | |
| Personal name | Wilkins, Margaret Lucy. |
| 245 ## - TITLE STATEMENT | |
| Title | Creative music composition : the young composer's voice |
| Statement of responsibility, etc | Margaret Lucy Wilkins. |
| 260 ## - PUBLICATION, DISTRIBUTION, ETC. (IMPRINT) | |
| Place of publication, distribution, etc | New York |
| Name of publisher, distributor, etc | Routledge |
| Date of publication, distribution, etc | 2006 |
| 300 ## - PHYSICAL DESCRIPTION | |
| Extent | x, 288 p. : |
| Other physical details | ill., music ; |
| Dimensions | 24 cm. |
| 504 ## - BIBLIOGRAPHY, ETC. NOTE | |
| Bibliography, etc | Includes bibliographical references (p. 265-274) and index. |
| 505 ## - FORMATTED CONTENTS NOTE | |
| Formatted contents note | http://www.loc.gov/catdir/toc/ecip062/2005030527.html |
| Miscellaneous information | Publisher description http://www.loc.gov/catdir/enhancements/fy0659/2005030527-d.html<br/>Contributor biographical information http://www.loc.gov/catdir/enhancements/fy1102/2005030527-b.html |
| 650 ## - SUBJECT ADDED ENTRY--TOPICAL TERM | |
| Topical term or geographic name as entry element | Composition (Music) |
| 942 ## - ADDED ENTRY ELEMENTS (KOHA) | |
| Source of classification or shelving scheme | |
| Koha item type | Book |
| Withdrawn status | Lost status | Source of classification or shelving scheme | Damaged status | Not for loan | Home library | Current library | Date acquired | Total Checkouts | Full call number | Barcode | Date last seen | Copy number | Price effective from | Koha item type | Shelving location | Date checked out |
|---|---|---|---|---|---|---|---|---|---|---|---|---|---|---|---|---|
| Riara University Library | Riara University Library | 02/09/2014 | MT40 .W56 2006 | 4882/14 | 02/09/2014 | C.1 | 02/09/2014 | Book | ||||||||
| Riara University Library | Riara University Library | 02/09/2014 | MT40 .W56 2006 | 4883/14 | 02/09/2014 | C.2 | 02/09/2014 | Book | ||||||||
| Riara University Library | Riara University Library | 28/09/2014 | 1 | MT40 .W56 2006 | 4967/14 | 28/09/2014 | C.3 | 28/09/2014 | Book | General stack | 28/09/2014 |
